[Event "II Scaccomatto A"]
[Site "Torino ITA"]
[Date "1998.05.01"]
[Round "7"]
[White "Spinelli, Doriano"]
[Black "Racioppo, Paolo"]
[Result "1-0"]
[WhiteElo "2200"]
[BlackElo "2235"]
[PlyCount "135"]
[EventDate "1998.04.25"]

1.e4 c5 2.Nf3 a6 3.g3 d6 4.d4 cxd4 5.Nxd4 Nf6 6.Bg2 e5 7.Ne2 Be7 8.O-O O-O
9.a4 b6 10.Nec3 Bb7 11.Bg5 Nbd7 12.Nd2 Rc8 13.Qe2 Qc7 14.Rfc1 h6 15.Bxf6 
Nxf6 16.Nf1 Rfe8 17.Ne3 Bf8 18.Qd3 Qc5 19.Rd1 g6 20.Bh3 Rc7 21.Bg2 h5 22.
Bf3 Rd8 23.Re1 Bh6 24.Rad1 Qb4 25.Rb1 Rdc8 26.h4 Rd7 27.g4 Bxe3 28.Qxe3 d5
29.Qg5 dxe4 30.Be2 Nh7 31.Qxe5 e3 32.Qxe3 hxg4 33.Qg3 f5 34.Rbd1 Rcd8 35.
Rxd7 Rxd7 36.Qe5 Nf8 37.b3 Kh7 38.Bc4 f4 39.Re4 Bxe4 40.Nxe4 Qe1+ 41.Bf1 
Qd1 42.Nf6+ Kh6 43.Nxd7 Qxd7 44.Qxf4+ Kg7 45.Qe5+ Kh7 46.Bd3 Kg8 47.h5 
gxh5 48.Bc4+ Kh7 49.Qxh5+ Kg7 50.Qg5+ Ng6 51.Bd3 Qe6 52.Qxg6+ Qxg6 53.Bxg6
Kxg6 54.Kg2 a5 55.Kg3 Kf5 56.c3 Kg5 57.b4 Kf5 58.bxa5 bxa5 59.c4 Ke4 60.
Kxg4 Kd4 61.f4 Kxc4 62.f5 Kb3 63.f6 Kxa4 64.f7 Kb3 65.f8=Q a4 66.Qf3+ Kb2 
67.Qe2+ Kb3 68.Qb5+ 1-0

[Event "II Scaccomatto A"]
[Site "Torino ITA"]
[Date "1998.05.01"]
[Round "7"]
[White "Squarci, Franco"]
[Black "Magnifico, Giuseppe"]
[Result "1/2-1/2"]
[WhiteElo "1948"]
[BlackElo "1906"]
[PlyCount "34"]
[EventDate "1998.04.25"]

1.d4 d5 2.Nf3 Nf6 3.Bf4 e6 4.e3 Be7 5.Nbd2 Nbd7 6.Bd3 O-O 7.c3 c5 8.O-O b6
9.Re1 Bb7 10.Rc1 Rc8 11.Qe2 Re8 12.h3 Ne4 13.a3 f5 14.Ne5 Nxe5 15.Bxe5 Bf6
16.Nf3 c4 17.Bc2 b5 1/2-1/2

[Event "II Scaccomatto A"]
[Site "Torino ITA"]
[Date "1998.05.01"]
[Round "7"]
[White "Sulava, Nenad"]
[Black "Valenti, Giuseppe"]
[Result "1-0"]
[WhiteElo "2450"]
[BlackElo "2210"]
[PlyCount "79"]
[EventDate "1998.04.25"]

1.d4 Nf6 2.g3 e6 3.Bg2 c5 4.Nf3 a6 5.O-O Nc6 6.e4 cxd4 7.e5 Ng8 8.Re1 Qc7 
9.Nbd2 Nge7 10.Nc4 Ng6 11.h4 b5 12.Nd6+ Bxd6 13.exd6 Qxd6 14.h5 Nge7 15.h6
g6 16.a4 b4 17.Bf4 Qc5 18.Nxd4 O-O 19.Nxc6 dxc6 20.Bd6 Qa7 21.Bxb4 Rb8 22.
Qd6 Re8 23.Qe5 f6 24.Qxf6 Nd5 25.Bxd5 Rxb4 26.Rxe6 Bxe6 27.Bxe6+ Rxe6 28.
Qxe6+ Qf7 29.Qc8+ Qf8 30.Qe6+ Qf7 31.Qxc6 Rc4 32.Qa8+ Qf8 33.Qd5+ Qf7 34.
Qa8+ Qf8 35.Qxa6 Rxc2 36.Qe6+ Kh8 37.Qe5+ Kg8 38.Qd5+ Kh8 39.Qd4+ Kg8 40.
Re1 1-0

[Event "II Scaccomatto A"]
[Site "Torino ITA"]
[Date "1998.05.02"]
[Round "8"]
[White "Aldrovandi, Costantino"]
[Black "Cebalo, Miso"]
[Result "0-1"]
[WhiteElo "2235"]
[BlackElo "2515"]
[PlyCount "76"]
[EventDate "1998.04.25"]

1.e4 c5 2.c3 d5 3.exd5 Qxd5 4.d4 Nf6 5.Nf3 g6 6.Be2 Bg7 7.O-O O-O 8.c4 Qd8
9.Nc3 cxd4 10.Nxd4 a6 11.Be3 Nbd7 12.h3 e5 13.Nb3 b6 14.a4 Rb8 15.a5 bxa5 
16.Nxa5 Qc7 17.Qc1 Re8 18.Bf3 e4 19.Bf4 Ne5 20.Nxe4 Bxh3 21.Nxf6+ Bxf6 22.
Bxe5 Rxe5 23.Nc6 Bxg2 24.Bxg2 Rh5 25.Rd1 Rxb2 26.Qe3 Qh2+ 27.Kf1 Rg5 28.
Qh3 Qf4 29.Qf3 Qxc4+ 30.Kg1 Rf5 31.Qe4 Qc5 32.Qe3 Qxe3 33.fxe3 Rg5 34.Rxa6
Rgxg2+ 35.Kh1 Bg5 36.Ra3 Rh2+ 37.Kg1 Rhe2 38.Ne5 Bxe3+ 0-1

[Event "II Scaccomatto A"]
[Site "Torino ITA"]
[Date "1998.05.02"]
[Round "8"]
[White "Arlandi, Ennio"]
[Black "Romanishin, Oleg M."]
[Result "1/2-1/2"]
[WhiteElo "2425"]
[BlackElo "2570"]
[PlyCount "65"]
[EventDate "1998.04.25"]

1.d4 Nf6 2.c4 e6 3.Nc3 Bb4 4.Qc2 d5 5.cxd5 Qxd5 6.Nf3 Qf5 7.Qxf5 exf5 8.a3
Be7 9.b4 c6 10.e3 O-O 11.Bd3 g6 12.Bb2 Nbd7 13.Na4 Nd5 14.Rc1 Bf6 15.O-O 
N5b6 16.Nc5 Nxc5 17.bxc5 Nd5 18.Nd2 Be6 19.a4 Rfd8 20.g3 Bg7 21.Nc4 Nb4 
22.Be2 Nd5 23.Na5 Rd7 24.Ba1 Rc7 25.Rb1 b6 26.Nb3 Nf6 27.Rfc1 Bd5 28.Nd2 
Nd7 29.cxb6 axb6 30.Bc4 Rca7 31.Bb3 Bxb3 32.Nxb3 c5 33.dxc5 1/2-1/2

[Event "II Scaccomatto A"]
[Site "Torino ITA"]
[Date "1998.05.02"]
[Round "8"]
[White "Barbiso, Tiziana"]
[Black "Mordiglia, Riccardo"]
[Result "0-1"]
[WhiteElo "1840"]
[BlackElo "2115"]
[PlyCount "90"]
[EventDate "1998.04.25"]

1.d4 d5 2.Nf3 Nf6 3.e3 c6 4.Bd3 Bg4 5.Nbd2 e6 6.b3 Bd6 7.Bb2 Nbd7 8.c4 O-O
9.Qc2 Qb8 10.h3 Bh5 11.O-O Re8 12.Rac1 a5 13.Nh4 e5 14.e4 dxe4 15.Nxe4 
Nxe4 16.Bxe4 Nf6 17.Bf3 e4 18.Bxh5 Nxh5 19.Rfe1 Bh2+ 20.Kh1 Qf4 21.Qe2 
Ng3+ 22.fxg3 Bxg3 23.Nf3 Bxe1 24.Rxe1 f6 25.Nd2 f5 26.Nf1 Qg5 27.d5 f4 28.
Qf2 cxd5 29.cxd5 Rad8 30.Rd1 e3 31.Qe2 Rxd5 32.Nh2 Rxd1+ 33.Qxd1 e2 34.Qe1
Qe7 35.Nf3 Rd8 36.Bd4 Qe4 37.Kh2 Rc8 38.Qxa5 h6 39.Qa4 e1=Q 40.Nxe1 Qxe1 
41.Qd7 Qg3+ 42.Kh1 Rc1+ 43.Bg1 Qe3 44.Qd5+ Kh8 45.Qd8+ Kh7 0-1

[Event "II Scaccomatto A"]
[Site "Torino ITA"]
[Date "1998.05.02"]
[Round "8"]
[White "Cacco, Christian"]
[Black "Sebastianelli, Diego"]
[Result "1-0"]
[WhiteElo "2180"]
[BlackElo "2345"]
[PlyCount "104"]
[EventDate "1998.04.25"]

1.d4 Nf6 2.Nf3 e6 3.Bg5 c5 4.e3 Be7 5.Nbd2 b6 6.Bd3 Bb7 7.O-O O-O 8.Re1 d6
9.e4 cxd4 10.Nxd4 Nbd7 11.c3 a6 12.a4 Qc7 13.Qe2 Ne5 14.Bc2 Ng6 15.f3 Rfe8
16.Kh1 Nd7 17.Be3 Rac8 18.Rac1 Qb8 19.Rcd1 Bh4 20.Rf1 Nc5 21.b4 Nd7 22.c4 
Bf6 23.Bb3 Ne7 24.Rc1 Nc6 25.Nxc6 Bxc6 26.Rc2 a5 27.bxa5 bxa5 28.Rb1 Nc5 
29.Ra2 Qc7 30.Bc2 Rb8 31.Rxb8 Rxb8 32.f4 Na6 33.Qd1 Qb7 34.Kg1 Bd8 35.Qb1 
Nb4 36.Rb2 Bb6 37.c5 Bxc5 38.Bxc5 dxc5 39.Nc4 Qc7 40.e5 Bd5 41.Nd6 h6 42.
Be4 Qc6 43.Bc2 Bxg2 44.Bh7+ Kf8 45.Rxg2 Na6 46.Nb5 c4 47.Be4 Qb6+ 48.Rf2 
Qe3 49.Bc2 g5 50.Qd1 Kg7 51.fxg5 Rg8 52.Qh5 Qxg5+ 1-0

[Event "II Scaccomatto A"]
[Site "Torino ITA"]
[Date "1998.05.02"]
[Round "8"]
[White "Crea, Vincenzo"]
[Black "Dubois, Martine"]
[Result "1/2-1/2"]
[WhiteElo "2120"]
[BlackElo "2060"]
[PlyCount "28"]
[EventDate "1998.04.25"]

1.d4 c5 2.c3 cxd4 3.cxd4 d5 4.Nc3 Nc6 5.Nf3 Nf6 6.Bf4 Ne4 7.e3 Qa5 8.Bb5 
Nxc3 9.Bxc6+ bxc6 10.Qd2 Ba6 11.bxc3 e6 12.Ne5 Rc8 13.Nd3 Bxd3 14.Qxd3 Qa3
1/2-1/2

[Event "II Scaccomatto A"]
[Site "Torino ITA"]
[Date "1998.05.02"]
[Round "8"]
[White "Dorfman, Iossif D."]
[Black "Luther, Thomas"]
[Result "1/2-1/2"]
[WhiteElo "2600"]
[BlackElo "2510"]
[PlyCount "37"]
[EventDate "1998.04.25"]

1.c4 Nf6 2.Nc3 c5 3.g3 g6 4.Bg2 Bg7 5.Nf3 Nc6 6.d4 cxd4 7.Nxd4 O-O 8.O-O 
d6 9.Nc2 h5 10.Bg5 Be6 11.b3 h4 12.Rc1 hxg3 13.hxg3 Qa5 14.Nb5 Rfc8 15.a4 
a6 16.Bd2 Qb6 17.Be3 Qa5 18.Bd2 Qb6 19.Be3 1/2-1/2

[Event "II Scaccomatto A"]
[Site "Torino ITA"]
[Date "1998.05.02"]
[Round "8"]
[White "Lanzani, Mario"]
[Black "Sulava, Nenad"]
[Result "0-1"]
[WhiteElo "2375"]
[BlackElo "2450"]
[PlyCount "64"]
[EventDate "1998.04.25"]

1.e4 c5 2.Nf3 a6 3.c3 e6 4.d4 d5 5.e5 Bd7 6.Na3 cxd4 7.cxd4 Bxa3 8.bxa3 
Ne7 9.Bd3 Bb5 10.O-O Bxd3 11.Qxd3 Nbc6 12.Rb1 Qd7 13.Bd2 h6 14.h4 O-O 15.
h5 f6 16.g4 fxe5 17.Nxe5 Nxe5 18.dxe5 Rac8 19.Rfc1 Nc6 20.f4 Rf7 21.Rf1 
Rcf8 22.Rbe1 d4 23.Qe4 Qe7 24.Qf3 d3 25.f5 Qxa3 26.f6 gxf6 27.exf6 Rxf6 
28.Qxf6 Rxf6 29.Rxf6 Qc5+ 30.Be3 Qe5 31.Rf8+ Kxf8 32.Bxh6+ Kf7 0-1

[Event "II Scaccomatto A"]
[Site "Torino ITA"]
[Date "1998.05.02"]
[Round "8"]
[White "Magnifico, Giuseppe"]
[Black "Burlando, Alessandro"]
[Result "0-1"]
[WhiteElo "1906"]
[BlackElo "2112"]
[PlyCount "64"]
[EventDate "1998.04.25"]

1.d4 Nf6 2.Bg5 g6 3.c4 Bg7 4.Nc3 c5 5.d5 d6 6.e4 h6 7.Bh4 O-O 8.Be2 a6 9.
a4 Qa5 10.Qd2 Nbd7 11.Nf3 g5 12.Bg3 b5 13.cxb5 axb5 14.Bxb5 Nxe4 15.Nxe4 
Qxb5 16.axb5 Rxa1+ 17.Ke2 Rxh1 18.Nc3 f5 19.Nxg5 hxg5 20.Qxg5 Nf6 21.Kd2 
Bd7 22.Qe3 Kf7 23.Qf4 Ra1 24.h4 Rb8 25.Qc4 Ne4+ 26.Nxe4 fxe4 27.Qxe4 Rxb5 
28.Qf3+ Kg8 29.b3 c4 30.Qe4 Ra2+ 31.Ke3 Rxb3+ 32.Kf4 Bh6# 0-1

[Event "II Scaccomatto A"]
[Site "Torino ITA"]
[Date "1998.05.02"]
[Round "8"]
[White "Mollero, Michele"]
[Black "Astengo, Corrado"]
[Result "1/2-1/2"]
[WhiteElo "2135"]
[BlackElo "2180"]
[PlyCount "20"]
[EventDate "1998.04.25"]

1.d4 d5 2.c4 e6 3.Nc3 Be7 4.Nf3 Nf6 5.Bg5 h6 6.Bxf6 Bxf6 7.e3 O-O 8.Rc1 c6
9.cxd5 exd5 10.Bd3 Re8 1/2-1/2

[Event "II Scaccomatto A"]
[Site "Torino ITA"]
[Date "1998.05.02"]
[Round "8"]
[White "Racioppo, Paolo"]
[Black "Mastrorilli, Nicola"]
[Result "1/2-1/2"]
[WhiteElo "2235"]
[BlackElo "1905"]
[PlyCount "59"]
[EventDate "1998.04.25"]

1.e4 c5 2.Nf3 g6 3.d3 Bg7 4.g3 Nc6 5.Bg2 d6 6.c3 Nf6 7.Nbd2 O-O 8.O-O Rb8 
9.a4 a6 10.Re1 Qc7 11.Nf1 b5 12.axb5 axb5 13.Bg5 Bb7 14.Qe2 e6 15.h4 Nd7 
16.N3h2 b4 17.Rac1 Ba6 18.Red1 Rb6 19.Ng4 h5 20.Ngh2 Nde5 21.c4 Nd4 22.Qe1
Bb7 23.Be3 Nec6 24.Rb1 Nc2 25.Qd2 Nxe3 26.Nxe3 Nd4 27.Nc2 Nxc2 28.Qxc2 Ra6
29.Qe2 Qe7 30.b3 1/2-1/2

[Event "II Scaccomatto A"]
[Site "Torino ITA"]
[Date "1998.05.02"]
[Round "8"]
[White "Ranieri, Fabrizio"]
[Black "Ragni, Paolo"]
[Result "1-0"]
[WhiteElo "2195"]
[BlackElo "2028"]
[PlyCount "93"]
[EventDate "1998.04.25"]

1.e4 e5 2.Bc4 Nf6 3.d4 exd4 4.Nf3 Nc6 5.O-O Nxe4 6.Re1 d5 7.Bxd5 Qxd5 8.
Nc3 Qh5 9.Nxe4 Be6 10.a3 O-O-O 11.Bg5 f6 12.Nxf6 gxf6 13.Bxf6 Bg4 14.Bxh8 
Bd6 15.Bf6 Rf8 16.h3 Bxf3 17.Qxf3 Qxf3 18.gxf3 Rxf6 19.Re8+ Kd7 20.Rh8 Rf7
21.Re1 Ne5 22.Kg2 Rg7+ 23.Kf1 Nxf3 24.Rd1 c5 25.Rd3 Nh2+ 26.Ke2 Re7+ 27.
Kd1 Be5 28.Rf8 Rg7 29.Ke2 c4 30.Rd1 Ke6 31.Rh1 Bd6 32.Rd8 Re7 33.f3 Be5 
34.Kf2 Rd7 35.Re8+ Re7 36.Rd8 b5 37.Re1 Kf7 38.Kg2 c3 39.bxc3 dxc3 40.Rd5 
Bc7 41.Rxe7+ Kxe7 42.Rxb5 Ke6 43.Rb7 Bd6 44.Rxa7 h6 45.Ra6 Kd5 46.Rxd6+ 
Kxd6 47.Kxh2 1-0

[Event "II Scaccomatto A"]
[Site "Torino ITA"]
[Date "1998.05.02"]
[Round "8"]
[White "Ravagnani, Tiziano"]
[Black "Squarci, Franco"]
[Result "1-0"]
[WhiteElo "2015"]
[BlackElo "1948"]
[PlyCount "105"]
[EventDate "1998.04.25"]

1.e4 Nf6 2.e5 Nd5 3.c4 Nb6 4.c5 Nd5 5.Bc4 e6 6.Nc3 Nxc3 7.dxc3 Bxc5 8.Qg4 
g6 9.h4 Nc6 10.Nf3 d5 11.Bb5 Bd7 12.h5 Nxe5 13.Nxe5 Bxb5 14.hxg6 Bxf2+ 15.
Kxf2 Qf6+ 16.Qf4 Qxf4+ 17.Bxf4 fxg6 18.Nxg6 Rg8 19.Rxh7 Rxg6 20.Rh8+ Kf7 
21.Rxa8 Rf6 22.Ke3 c5 23.Bd6 Rh6 24.Rf8+ Kg6 25.a4 Bc4 26.Bxc5 Rh4 27.Re1 
e5 28.Kf2 e4 29.Re3 d4 30.Bxd4 Rg4 31.Rg3 e3+ 32.Bxe3 Rxg3 33.Kxg3 a6 34.
Rd8 Kf5 35.b4 b5 36.a5 Ke4 37.Bd4 Bd5 38.Rxd5 Kxd5 39.Kf4 Ke6 40.g4 Kf7 
41.Kf5 Ke7 42.g5 Kf7 43.g6+ Kf8 44.Ke6 Kg8 45.Kd6 Kf8 46.Kc6 Ke8 47.Kb6 
Kd8 48.g7 Kd7 49.g8=Q Kd6 50.Kxa6 Kc6 51.Qe6+ Kc7 52.Bb6+ Kb8 53.Qe8# 1-0

[Event "II Scaccomatto A"]
[Site "Torino ITA"]
[Date "1998.05.02"]
[Round "8"]
[White "Rossi, Carlo"]
[Black "David, Alberto"]
[Result "0-1"]
[WhiteElo "2330"]
[BlackElo "2525"]
[PlyCount "109"]
[EventDate "1998.04.25"]

1.e4 c5 2.Nf3 e6 3.b4 d6 4.bxc5 dxc5 5.Bb5+ Bd7 6.Bxd7+ Qxd7 7.O-O Nc6 8.
d3 Nge7 9.Nbd2 Ng6 10.a4 Be7 11.Bb2 O-O 12.Nc4 Qc7 13.Nfd2 b6 14.g3 a6 15.
Ne3 b5 16.h4 h6 17.Qh5 Rad8 18.axb5 axb5 19.Bc3 Rd7 20.Ng4 Nd4 21.Bxd4 
Rxd4 22.Nf3 Rd6 23.Rfe1 Rb8 24.e5 Rdd8 25.Re4 Bf8 26.Ra6 Rb6 27.Rxb6 Qxb6 
28.Ne3 Ra8 29.Qg4 Ra1+ 30.Kg2 Qb7 31.h5 Ne7 32.Nh2 Nc6 33.Kh3 Nd4 34.c3 
Nc6 35.Qf3 Qe7 36.Neg4 Qg5 37.Nf6+ Kh8 38.Nd7 Kg8 39.d4 cxd4 40.cxd4 Ra3 
41.Qe2 Qf5+ 42.Ng4 Be7 43.Kg2 Ra2 44.Qxa2 Qxe4+ 45.f3 Qxd4 46.Qa8+ Nd8 47.
Qc8 b4 48.Qc7 b3 49.Ndf6+ Kf8 50.Ne4 Qa4 51.Nc3 Qd4 52.Nf2 Qd2 53.Ne4 Qc2 
54.Qc3 Nc6 55.f4 0-1

[Event "II Scaccomatto A"]
[Site "Torino ITA"]
[Date "1998.05.02"]
[Round "8"]
[White "Sedina, Elena"]
[Black "Spinelli, Doriano"]
[Result "1-0"]
[WhiteElo "2380"]
[BlackElo "2200"]
[PlyCount "111"]
[EventDate "1998.04.25"]

1.e4 d5 2.exd5 Nf6 3.Bb5+ Nbd7 4.Nf3 Nxd5 5.d4 c6 6.Be2 e6 7.O-O Be7 8.c4 
N5f6 9.Nc3 Qc7 10.Re1 O-O 11.Bf1 a6 12.Bg5 Bb4 13.Rc1 b6 14.Bd3 Qb8 15.Ne5
Bb7 16.Nxd7 Nxd7 17.Qh5 g6 18.Qh6 Re8 19.c5 f5 20.Bc4 Nf8 21.Bf6 Qc7 22.a3
Bxc3 23.Rxc3 Qf7 24.Be5 b5 25.Ba2 Nd7 26.Rce3 Nxe5 27.Rxe5 Bc8 28.Qe3 Bd7 
29.Bxe6 Bxe6 30.Rxe6 Rxe6 31.Qxe6 Qxe6 32.Rxe6 Rd8 33.Rxc6 Rxd4 34.Kf1 a5 
35.Rb6 b4 36.axb4 axb4 37.b3 Kf7 38.Ke2 Rd5 39.Rxb4 Rxc5 40.Rb7+ Ke6 41.
Rxh7 Rc2+ 42.Ke1 Rb2 43.Rb7 g5 44.h3 Ke5 45.Rb4 Kd5 46.Kf1 f4 47.Rb5+ Ke4 
48.f3+ Kd4 49.Rxg5 Rb1+ 50.Kf2 Rxb3 51.Rf5 Rb2+ 52.Kg1 Rb1+ 53.Kh2 Ke3 54.
Re5+ Kf2 55.Re4 Rg1 56.Re2+ 1-0

[Event "II Scaccomatto A"]
[Site "Torino ITA"]
[Date "1998.05.02"]
[Round "8"]
[White "Valenti, Giuseppe"]
[Black "Faraoni, Enrico"]
[Result "0-1"]
[WhiteElo "2210"]
[BlackElo "2190"]
[PlyCount "90"]
[EventDate "1998.04.25"]

1.e4 c5 2.Nf3 d6 3.d4 cxd4 4.Nxd4 Nf6 5.Nc3 g6 6.Be3 Bg7 7.Bc4 O-O 8.f3 
Nc6 9.Qd2 Bd7 10.O-O-O Rc8 11.Bb3 Ne5 12.h4 h5 13.Bg5 Rc5 14.Rhe1 b5 15.f4
Neg4 16.e5 b4 17.Ne4 Nxe4 18.Rxe4 d5 19.Qxb4 Qb6 20.Qxb6 axb6 21.e6 dxe4 
22.exd7 Rd8 23.Ne6 fxe6 24.Bxe7 Bf6 25.Bxe6+ Kg7 26.Bxd8 Bxd8 27.Bxg4 hxg4
28.Rd4 e3 29.g3 Rc6 30.Re4 Rd6 31.Rxe3 Rxd7 32.Re6 Re7 33.Rd6 Bc7 34.Rc6 
Bxf4+ 35.gxf4 g3 36.f5 gxf5 37.h5 f4 38.Rg6+ Kh7 39.Kd2 Rg7 40.Rxg7+ Kxg7 
41.Ke2 Kh6 42.a4 Kxh5 43.b4 Kg4 44.a5 bxa5 45.bxa5 f3+ 0-1

[Event "II Scaccomatto A"]
[Site "Torino ITA"]
[Date "1998.05.02"]
[Round "8"]
[White "Velikov, Petar V."]
[Black "Sarno, Spartaco"]
[Result "0-1"]
[WhiteElo "2475"]
[BlackElo "2375"]
[PlyCount "96"]
[EventDate "1998.04.25"]

1.Nf3 g6 2.g3 Bg7 3.Bg2 Nf6 4.O-O O-O 5.c4 c6 6.d4 d5 7.Qb3 a5 8.cxd5 a4 
9.Qd1 Nxd5 10.a3 Qa5 11.Nbd2 Rd8 12.Qc2 Nb6 13.e3 Qh5 14.Ne4 Bf5 15.Nh4 
Bxe4 16.Bxe4 e5 17.dxe5 Qxe5 18.Nf3 Qe7 19.Bd2 N8d7 20.Bb4 Qe6 21.Nd2 Nd5 
22.Bxd5 Qxd5 23.e4 Qe6 24.Nc4 c5 25.Bd2 b5 26.Ne3 Ne5 27.f3 Rd3 28.Rae1 
Rad8 29.Bc3 Nc4 30.Nd5 Bxc3 31.Qxd3 Bxe1 32.Rxe1 Ne5 33.Qe3 Nxf3+ 34.Qxf3 
Rxd5 35.exd5 Qxe1+ 36.Kg2 Qe5 37.Qd3 Qxb2+ 38.Kh3 c4 39.Qe3 Qf6 40.Qc5 
Qf1+ 41.Kh4 Qf6+ 42.Kh3 Qf1+ 43.Kh4 Qf5 44.g4 g5+ 45.Kg3 Qf4+ 46.Kg2 Qxg4+
47.Kf2 Qf5+ 48.Kg2 c3 0-1

[Event "II Scaccomatto A"]
[Site "Torino ITA"]
[Date "1998.05.03"]
[Round "9"]
[White "Astengo, Corrado"]
[Black "Racioppo, Paolo"]
[Result "1/2-1/2"]
[WhiteElo "2180"]
[BlackElo "2235"]
[PlyCount "31"]
[EventDate "1998.04.25"]

1.e4 c5 2.Nf3 a6 3.Nc3 d6 4.d4 cxd4 5.Nxd4 Nf6 6.Bg5 e6 7.f4 Be7 8.Qf3 Qa5
9.O-O-O Bd7 10.Bc4 Nc6 11.Bb3 Nxd4 12.Rxd4 Bc6 13.Bxf6 gxf6 14.f5 Qe5 15.
Rhd1 O-O-O 16.Qh3 1/2-1/2

[Event "II Scaccomatto A"]
[Site "Torino ITA"]
[Date "1998.05.03"]
[Round "9"]
[White "Burlando, Alessandro"]
[Black "Mastrorilli, Nicola"]
[Result "1-0"]
[WhiteElo "2112"]
[BlackElo "1905"]
[PlyCount "83"]
[EventDate "1998.04.25"]

1.d4 Nf6 2.c4 e6 3.Nf3 Bb4+ 4.Bd2 c5 5.Bxb4 cxb4 6.a3 Qe7 7.Qb3 bxa3 8.
Rxa3 b6 9.g3 Nc6 10.Bg2 Na5 11.Qc2 Ba6 12.O-O Rc8 13.Nbd2 O-O 14.Rc3 d5 
15.b3 Rc7 16.Rc1 Rfc8 17.Ne5 Bb7 18.c5 bxc5 19.Rxc5 Rxc5 20.dxc5 Nd7 21.
Nxd7 Qxd7 22.b4 Nc6 23.Qa4 a6 24.Nb3 Qc7 25.e3 Rb8 26.Rb1 g6 27.Bf1 e5 28.
Na5 Nxa5 29.bxa5 Rc8 30.Rb6 Bc6 31.Qb4 Bb5 32.Bxb5 axb5 33.c6 e4 34.Qxb5 
Qe5 35.a6 Qc3 36.Qb1 Rxc6 37.Rxc6 Qxc6 38.Qa1 Qa8 39.a7 h5 40.Qa5 d4 41.
Qc7 Kg7 42.Qb8 1-0

[Event "II Scaccomatto A"]
[Site "Torino ITA"]
[Date "1998.05.03"]
[Round "9"]
[White "Cacco, Christian"]
[Black "Sedina, Elena"]
[Result "1/2-1/2"]
[WhiteElo "2180"]
[BlackElo "2380"]
[PlyCount "78"]
[EventDate "1998.04.25"]

1.d4 Nf6 2.Nf3 d5 3.c4 c6 4.cxd5 cxd5 5.Nc3 Nc6 6.g3 Bf5 7.Bg2 e6 8.Bg5 
Be7 9.O-O h6 10.Bxf6 Bxf6 11.e3 O-O 12.a3 Rc8 13.Rc1 Na5 14.Nd2 Qd7 15.Qa4
Qxa4 16.Nxa4 Bd3 17.Rfe1 b6 18.Bf1 Bxf1 19.Kxf1 Rfd8 20.f4 Kf8 21.Ke2 Ke7 
22.Kd3 g5 23.g4 Rh8 24.Nc3 Nc4 25.Nxc4 dxc4+ 26.Ke4 h5 27.h4 gxf4 28.g5 
Bg7 29.exf4 Rhd8 30.Rcd1 f5+ 31.Ke3 Rd7 32.Re2 Rcd8 33.Red2 a6 34.Ne2 Kf7 
35.Ng1 Rd5 36.Nf3 Rb5 37.Rc1 Rb3+ 38.Rc3 Rxc3+ 39.bxc3 b5 1/2-1/2

[Event "II Scaccomatto A"]
[Site "Torino ITA"]
[Date "1998.05.03"]
[Round "9"]
[White "Castaldo, Folco"]
[Black "Ravagnani, Tiziano"]
[Result "1/2-1/2"]
[WhiteElo "2155"]
[BlackElo "2015"]
[PlyCount "75"]
[EventDate "1998.04.25"]

1.e4 c5 2.c3 d5 3.exd5 Qxd5 4.d4 Nf6 5.Nf3 e6 6.Bd3 cxd4 7.cxd4 Bb4+ 8.Nc3
Ne4 9.Qc2 Nxc3 10.bxc3 Bd6 11.Bxh7 Nc6 12.Be4 Qa5 13.Bd2 Bd7 14.Rb1 Qc7 
15.g3 Rc8 16.c4 f5 17.Bd3 g6 18.c5 Be7 19.Bf4 Qa5+ 20.Qd2 Qxd2+ 21.Kxd2 
Bf6 22.Ke3 Nxd4 23.Nxd4 e5 24.Bxe5 Bxe5 25.Rxb7 Rxc5 26.Rxa7 Rd5 27.Nf3 
Bb8 28.Ra6 Rxd3+ 29.Kxd3 Bb5+ 30.Kd4 Bxa6 31.Re1+ Kd8 32.Re6 Bb7 33.Nh4 
Ba7+ 34.Ke5 g5 35.Nxf5 Rxh2 36.Nd6 Bh1 37.Nf7+ Kd7 38.Nxg5 1/2-1/2

[Event "II Scaccomatto A"]
[Site "Torino ITA"]
[Date "1998.05.03"]
[Round "9"]
[White "Cebalo, Miso"]
[Black "Arlandi, Ennio"]
[Result "1-0"]
[WhiteElo "2515"]
[BlackElo "2425"]
[PlyCount "89"]
[EventDate "1998.04.25"]

1.d4 Nf6 2.Nf3 e6 3.c4 b6 4.a3 c5 5.d5 Ba6 6.Qc2 exd5 7.cxd5 g6 8.Nc3 Bg7 
9.g3 O-O 10.Bg2 d6 11.O-O Re8 12.Re1 Nbd7 13.h3 b5 14.Bf4 Qb6 15.e4 Rac8 
16.Bf1 c4 17.Rad1 Nc5 18.e5 dxe5 19.Nxe5 Bb7 20.g4 Nfd7 21.Nxd7 Nxd7 22.
Rxe8+ Rxe8 23.Be3 Rxe3 24.fxe3 Bh6 25.Qe4 Nf6 26.Qe5 Bxe3+ 27.Kh1 g5 28.
Bg2 a6 29.d6 Bf4 30.Qd4 Bxg2+ 31.Kxg2 Qxd4 32.Rxd4 Nd7 33.Kf3 Be5 34.Rd2 
f6 35.Ke4 Kf7 36.Kd5 Bf4 37.Re2 Ne5 38.Ne4 a5 39.Kc5 b4 40.axb4 axb4 41.
Kxb4 Ke6 42.Kc5 Bc1 43.Nxf6 c3 44.d7 c2 45.Rxc2 1-0

[Event "II Scaccomatto A"]
[Site "Torino ITA"]
[Date "1998.05.03"]
[Round "9"]
[White "David, Alberto"]
[Black "Aldrovandi, Costantino"]
[Result "1-0"]
[WhiteElo "2525"]
[BlackElo "2235"]
[PlyCount "69"]
[EventDate "1998.04.25"]

1.e4 c5 2.Nf3 e6 3.d4 cxd4 4.Nxd4 Nf6 5.Nc3 d6 6.Bg5 Be7 7.Qd2 a6 8.O-O-O 
O-O 9.Qe1 Ne8 10.Bxe7 Qxe7 11.f4 b5 12.e5 Bb7 13.Nf3 Bxf3 14.gxf3 Nc6 15.
Qg3 d5 16.f5 Kh8 17.Rg1 Rd8 18.f4 b4 19.Na4 exf5 20.Bg2 g6 21.Bxd5 Rc8 22.
Nb6 Rc7 23.Bb3 Rb7 24.Qf2 Na5 25.Ba4 Qe6 26.Qc5 Kg7 27.Nd5 Rb5 28.Bxb5 
axb5 29.Qxb5 Nc6 30.Kb1 h5 31.h4 Qc8 32.Rge1 Nd8 33.Ne7 Qa8 34.Rg1 Ne6 35.
Nxg6 1-0

[Event "II Scaccomatto A"]
[Site "Torino ITA"]
[Date "1998.05.03"]
[Round "9"]
[White "Dubois, Martine"]
[Black "Valenti, Giuseppe"]
[Result "1/2-1/2"]
[WhiteElo "2060"]
[BlackElo "2210"]
[PlyCount "35"]
[EventDate "1998.04.25"]

1.e4 c5 2.c3 d6 3.d4 Nf6 4.dxc5 Nc6 5.Bc4 Nxe4 6.Bxf7+ Kxf7 7.Qd5+ e6 8.
Qxe4 d5 9.Qe3 d4 10.Qe4 Bxc5 11.Nf3 Qd5 12.Ng5+ Kg8 13.O-O h6 14.Qxd5 exd5
15.Nf3 Bg4 16.cxd4 Nxd4 17.Nxd4 Bxd4 18.Nc3 1/2-1/2

[Event "II Scaccomatto A"]
[Site "Torino ITA"]
[Date "1998.05.03"]
[Round "9"]
[White "Faraoni, Enrico"]
[Black "Dorfman, Iossif D."]
[Result "0-1"]
[WhiteElo "2190"]
[BlackElo "2600"]
[PlyCount "50"]
[EventDate "1998.04.25"]

1.e4 c5 2.c3 Nf6 3.e5 Nd5 4.d4 cxd4 5.Nf3 e6 6.cxd4 d6 7.a3 Qc7 8.Bd3 dxe5
9.dxe5 Nd7 10.O-O Nxe5 11.Nxe5 Qxe5 12.Re1 Qd6 13.Bg5 h6 14.Bd2 Be7 15.Nc3
O-O 16.Ne4 Qb6 17.Qh5 f5 18.Ng3 Qxb2 19.Bxh6 gxh6 20.Nxf5 exf5 21.Bc4 Kg7 
22.Rab1 Qf6 23.Rb3 Nf4 24.Rg3+ Kh8 25.Qf3 Bd6 0-1

[Event "II Scaccomatto A"]
[Site "Torino ITA"]
[Date "1998.05.03"]
[Round "9"]
[White "Mordiglia, Riccardo"]
[Black "Mollero, Michele"]
[Result "0-1"]
[WhiteElo "2115"]
[BlackElo "2135"]
[PlyCount "94"]
[EventDate "1998.04.25"]

1.Nc3 d5 2.e4 c6 3.d4 dxe4 4.Bc4 Nf6 5.f3 e3 6.Bxe3 Bf5 7.Nge2 e6 8.g4 Bg6
9.h4 b5 10.Nxb5 cxb5 11.Bxb5+ Nbd7 12.Bxd7+ Qxd7 13.h5 Qc6 14.Nc3 Nxg4 15.
d5 Nxe3 16.dxc6 Nxd1 17.hxg6 Nxc3 18.Rxh7 Rg8 19.bxc3 fxg6 20.Rb1 Be7 21.
Rb7 Kf7 22.Rh4 Rgc8 23.Rc4 g5 24.Ke2 a5 25.a4 Ra6 26.c7 Bd6 27.Kd3 Ke7 28.
Rb5 Rxc7 29.Rxg5 Rxc4 30.Kxc4 Kf6 31.Rb5 Rc6+ 32.Kd4 Bc7 33.c4 g5 34.c5 
Kf5 35.Rb3 Be5+ 36.Kc4 Bd6 37.Rb5 Kf4 38.Rxa5 Kxf3 39.Kd4 Bxc5+ 40.Rxc5 
Rxc5 41.Kxc5 g4 42.Kb5 g3 43.c4 g2 44.c5 g1=Q 45.a5 Qb1+ 46.Kc6 Qb4 47.a6 
Qa5 0-1

[Event "II Scaccomatto A"]
[Site "Torino ITA"]
[Date "1998.05.03"]
[Round "9"]
[White "Ragni, Paolo"]
[Black "Crea, Vincenzo"]
[Result "1-0"]
[WhiteElo "2028"]
[BlackElo "2120"]
[PlyCount "93"]
[EventDate "1998.04.25"]

1.c4 c6 2.e4 d5 3.exd5 cxd5 4.d4 Nf6 5.Nc3 e6 6.Nf3 Nc6 7.Bg5 Be7 8.c5 Ne4
9.Bxe7 Nxe7 10.Bd3 Nxc3 11.bxc3 Bd7 12.O-O Ng6 13.Re1 Bc6 14.g3 O-O 15.h4 
Re8 16.Ng5 Nf8 17.Qh5 g6 18.Qg4 Qf6 19.Re3 Qg7 20.Rae1 b6 21.cxb6 axb6 22.
Rb1 e5 23.Rxb6 Bd7 24.Qe2 h6 25.Nxf7 Qxf7 26.dxe5 Re6 27.Rb7 Qe8 28.f4 Bc6
29.Rb4 Ra4 30.Rxa4 Bxa4 31.f5 gxf5 32.Bxf5 Re7 33.e6 Qc6 34.Qg4+ Kh8 35.
Qh5 Kg7 36.Qg4+ Kh8 37.Qd4+ Kg8 38.Qf6 Qc5 39.Qxh6 d4 40.Qg5+ Rg7 41.Bh7+ 
Nxh7 42.Qxc5 dxe3 43.Qxe3 Be8 44.Qe5 Nf8 45.a4 Re7 46.Qg5+ Rg7 47.Qd8 1-0

[Event "II Scaccomatto A"]
[Site "Torino ITA"]
[Date "1998.05.03"]
[Round "9"]
[White "Romanishin, Oleg M."]
[Black "Sulava, Nenad"]
[Result "1-0"]
[WhiteElo "2570"]
[BlackElo "2450"]
[PlyCount "81"]
[EventDate "1998.04.25"]

1.Nf3 d5 2.d4 Nf6 3.c4 dxc4 4.e3 e6 5.Bxc4 a6 6.O-O b5 7.Be2 Bb7 8.a4 b4 
9.Nbd2 Nbd7 10.Nc4 Be7 11.Nfe5 Nxe5 12.Nxe5 c5 13.Bf3 Qc7 14.Bd2 cxd4 15.
exd4 Nd5 16.Rc1 Qd6 17.Bf4 Qd8 18.Bg3 Rc8 19.Nd3 Rxc1 20.Qxc1 a5 21.Nc5 
Ba8 22.Qc4 O-O 23.Qb5 Nc7 24.Qxa5 Bxf3 25.gxf3 Bxc5 26.dxc5 e5 27.Bxe5 
Qg5+ 28.Bg3 Ne6 29.Qxb4 Rd8 30.c6 h5 31.h4 Qf6 32.c7 Nxc7 33.Bxc7 Rd4 34.
Qb8+ Kh7 35.Bg3 Qxf3 36.Qe5 Rxa4 37.Qc3 Qf5 38.Re1 Qg6 39.Kh2 f5 40.Qb3 
Rg4 41.Re6 1-0